000 00549nam a2200145 a 4500
008 120416s0000 ||||||||||||||||| || u
020 _a0821328611
050 _aIBRD(08)TP
245 1 0 _aWater policy and water markets
_cedited by Guy Le Moigne [and others]
246 _aselected papers and proceedings
260 _aWashington, D. C.
_bWorld Bank
_c1994
300 _aix, 115p. : ill.
350 _a0.00
995 _D0.00
_FCBU-MAIN LIBRARY (Kitwe)
_H1
_I0.00
_UAVAILABLE
_ZInternational Publications
999 _c61485
_d61485